000 01287cam a22003854i 4500
003 PE-LiUPU
005 20250731184051.0
008 150616s r 000 0 d
035 _a(Sirsi) a1625
040 _aPE-LiUPU
_bspa
_cPE-LiUPU
_erda
049 _aPRUA
082 0 4 _a803.3
_bC / S78
_221
100 1 _aStendhal,
_d1783-1842,
_eautor.
245 1 3 _aLa cartuja de parma /
_cStendhal.
264 1 _aBarcelona :
_bEditorial Mateu,
_c1963.
300 _a512 páginas ;
_c19 cm
336 _atext
_2rdacontent
337 _aunmediated
_2rdamedia
338 _avolume
_2rdacarrier
490 0 _aColección Pluma ;
_v44
505 0 _aLa cartuja de Parma.
526 _aP145
526 _aP127
526 _aP97
526 _aP14
526 _aP07
650 0 4 _aNovelas francesas.
910 _ajck
_bjvq
_cjck
942 _2ddc
_cBOOK
949 _a803.3 C / S78
_wDEWEY
_c1
_i19886
_lCCODEBUL1
_mBUL
_p00.00
_r0
_sY
_tBOOK
_u19811125
_xEDUCACION
_PP20
_0COMPRA
_o.STAFF. Colección General
994 _aC0
_bPEPRU
596 _a1
999 _a803.3 C / S78
_wDEWEY
_c11462
_i19886
_f2021-11-5
_g6
_lCCODEBUL1
_mBUL
_r0
_sY
_tBOOK
_u2015-6-16
_xBIBLIOTECA
_PP20
_0COMPRA
_o.STAFF. Colección General
_d11462
980 _81
_gALBERTO SANCHEZ Responsable de Automatización